The Castor Bean Genome

This book addresses various aspects of the current castor bean research, including genetics, biotechnology, comparative genomics, and more specific topics such as oil metabolism and the ricin toxin. It also presents the whole genome sequencing of the castor bean and its impact on the mining of gene...

Πλήρης περιγραφή

Λεπτομέρειες βιβλιογραφικής εγγραφής
Συγγραφή απο Οργανισμό/Αρχή: SpringerLink (Online service)
Άλλοι συγγραφείς: Kole, Chittaranjan (Επιμελητής έκδοσης, http://id.loc.gov/vocabulary/relators/edt), Rabinowicz, Pablo (Επιμελητής έκδοσης, http://id.loc.gov/vocabulary/relators/edt)
Μορφή: Ηλεκτρονική πηγή Ηλ. βιβλίο
Γλώσσα:English
Έκδοση: Cham : Springer International Publishing : Imprint: Springer, 2018.
Έκδοση:1st ed. 2018.
Σειρά:Compendium of Plant Genomes,
Θέματα:
Διαθέσιμο Online:Full Text via HEAL-Link
LEADER 03851nam a2200517 4500
001 978-3-319-97280-0
003 DE-He213
005 20190620081440.0
007 cr nn 008mamaa
008 190218s2018 gw | s |||| 0|eng d
020 |a 9783319972800  |9 978-3-319-97280-0 
024 7 |a 10.1007/978-3-319-97280-0  |2 doi 
040 |d GrThAP 
050 4 |a QH433 
072 7 |a PST  |2 bicssc 
072 7 |a SCI011000  |2 bisacsh 
072 7 |a PST  |2 thema 
072 7 |a PSAK  |2 thema 
082 0 4 |a 581.35  |2 23 
245 1 4 |a The Castor Bean Genome  |h [electronic resource] /  |c edited by Chittaranjan Kole, Pablo Rabinowicz. 
250 |a 1st ed. 2018. 
264 1 |a Cham :  |b Springer International Publishing :  |b Imprint: Springer,  |c 2018. 
300 |a XXV, 272 p.  |b online resource. 
336 |a text  |b txt  |2 rdacontent 
337 |a computer  |b c  |2 rdamedia 
338 |a online resource  |b cr  |2 rdacarrier 
347 |a text file  |b PDF  |2 rda 
490 1 |a Compendium of Plant Genomes,  |x 2199-4781 
505 0 |a Botanical descriptions of castor bean -- Cytogenetic details of castor bean -- Genetic diversity in castor bean -- Classical genetics and traditional breeding in castor bean -- Molecular linkage maps in castor bean -- Structural & functional genomic resources developed -- Genome sequence of Castor Bean -- Comparative Genomics in Euphorbiaceae -- Mining gene families in the castor bean genome -- Castor bean chloroplast genome -- Genomics of Sexual Reproduction in Castor Bean -- Gene Imprinting in Castor Bean -- Oil Biosynthesis and Biotechnology in Castor Bean -- The ricin toxin -- Castor bean metabolomics -- Genetic engineering in castor bean -- New Technologies in Castor Bean Breeding for Improved Oil Content. 
520 |a This book addresses various aspects of the current castor bean research, including genetics, biotechnology, comparative genomics, and more specific topics such as oil metabolism and the ricin toxin. It also presents the whole genome sequencing of the castor bean and its impact on the mining of gene families and future plant breeding. Castor bean (Ricinus communis), an oilseed plant, belongs to the Euphorbiaceae (spurge) family. It is a tropical and subtropical crop valued for the high quality and uniform nature of its oil, which is mostly composed of the uncommon fatty acid ricinoleate. Castor bean oil has important industrial applications for the production of lubricants, cosmetics, medicines, and specialty chemicals, and castor bean has also been proposed as a biodiesel crop that does not pose concerns regarding the "food versus fuel" debate. However, it accumulates the type 2 ribosome-inactivating protein ricin in its seeds, and health concerns posed by ricin's high toxicity have prevented broader cultivation. Recently, there has been renewed interest in castor bean due to potential biosecurity issues. 
650 0 |a Plant genetics. 
650 0 |a Plant breeding. 
650 0 |a Agriculture. 
650 1 4 |a Plant Genetics and Genomics.  |0 http://scigraph.springernature.com/things/product-market-codes/L32020 
650 2 4 |a Plant Breeding/Biotechnology.  |0 http://scigraph.springernature.com/things/product-market-codes/L24060 
650 2 4 |a Agriculture.  |0 http://scigraph.springernature.com/things/product-market-codes/L11006 
700 1 |a Kole, Chittaranjan.  |e editor.  |4 edt  |4 http://id.loc.gov/vocabulary/relators/edt 
700 1 |a Rabinowicz, Pablo.  |e editor.  |4 edt  |4 http://id.loc.gov/vocabulary/relators/edt 
710 2 |a SpringerLink (Online service) 
773 0 |t Springer eBooks 
776 0 8 |i Printed edition:  |z 9783319972794 
776 0 8 |i Printed edition:  |z 9783319972817 
830 0 |a Compendium of Plant Genomes,  |x 2199-4781 
856 4 0 |u https://doi.org/10.1007/978-3-319-97280-0  |z Full Text via HEAL-Link 
912 |a ZDB-2-SBL 
950 |a Biomedical and Life Sciences (Springer-11642)